The Psychology of money : (Record no. 8746)
[ view plain ]
| 000 -LEADER | |
|---|---|
| fixed length control field | 00444nam a22001457a 4500 |
| 008 - FIXED-LENGTH DATA ELEMENTS--GENERAL INFORMATION | |
| fixed length control field | 210518b ||||| |||| 00| 0 eng d |
| 020 ## - INTERNATIONAL STANDARD BOOK NUMBER | |
| International Standard Book Number | 9789390166268 |
| 082 ## - DEWEY DECIMAL CLASSIFICATION NUMBER | |
| Classification number | 332.4 HOU |
| 100 ## - MAIN ENTRY--PERSONAL NAME | |
| Personal name | Housel, Morgan |
| 245 ## - TITLE STATEMENT | |
| Title | The Psychology of money : |
| Remainder of title | Timeless lessons on wealth, greed and happiness |
| 260 ## - PUBLICATION, DISTRIBUTION, ETC. | |
| Place of publication, distribution, etc. | Delhi : |
| Name of publisher, distributor, etc. | Jaico Publishing House, |
| Date of publication, distribution, etc. | 2020. |
| 300 ## - PHYSICAL DESCRIPTION | |
| Extent | viii, 242 p. |
| Dimensions | 22 cm. |
| 650 ## - SUBJECT ADDED ENTRY--TOPICAL TERM | |
| Topical term or geographic name entry element | Money--Psychological aspects. |
| 942 ## - Added entry Elements (Koha) | |
| Source of classification or shelving scheme | Dewey Decimal Classification |
| Withdrawn status | Lost status | Source of classification or shelving scheme | Damaged status | Not for loan | Collection code | Home library | Current library | Shelving location | Date acquired | Serial Enumeration / chronology | Total Checkouts | Total Renewals | Full call number | Barcode | Checked out | Date last seen | Date last checked out | Price effective from | Koha item type |
|---|---|---|---|---|---|---|---|---|---|---|---|---|---|---|---|---|---|---|---|
| Dewey Decimal Classification | Main TEST | RTC Library | RTC Library | Main opac | 18/05/2021 | 16002 | 11 | 3 | 332.4 HOU | 30015006 | 29/07/2026 | 06/05/2026 | 06/05/2026 | 18/05/2021 | Main |